Research Methods in Geography (Record no. 574156)

MARC details
000 -LEADER
fixed length control field 01221nam a2200169Ia 4500
008 - FIXED-LENGTH DATA ELEMENTS--GENERAL INFORMATION
fixed length control field 250627s9999 xx 000 0 und d
020 ## - INTERNATIONAL STANDARD BOOK NUMBER
ISBN 9781405107112
082 ## - DEWEY DECIMAL CLASSIFICATION NUMBER
Classification number 910.72
Item number GOM
100 ## - MAIN ENTRY--AUTHOR NAME
Personal name Gomez, Basil
245 #0 - TITLE STATEMENT
Title Research Methods in Geography
260 ## - PUBLICATION, DISTRIBUTION, ETC. (IMPRINT)
Name of publisher Wiley-Blackwell
Year of publication 2010
300 ## - PHYSICAL DESCRIPTION
Number of Pages 480 pages
500 ## - GENERAL NOTE
General note This comprehensive textbook offers a conceptual and practical introduction to research methodology, data collection, and techniques used in both human and physical geography. Explores a full range of contemporary geographic techniques, including statistics, mathematical analysis, GIS, and remote sensing Unique in both content and organization, it brings together a team of internationally recognized specialists to create a balanced approach between physical geography, human geography, and research techniques Includes a series of foundational chapters offering multiple perspectives on the central questions in research methods Examines the conceptual frameworks and practical issues behind data acquisition and analysis, and how to interpret results Includes explanations of key terminology and exercises throughout
650 ## - SUBJECT ADDED ENTRY--TOPICAL TERM
Topical Term Science
942 ## - ADDED ENTRY ELEMENTS (KOHA)
Koha item type English Books
Holdings
Withdrawn status Lost status Damaged status Not for loan Home library Current library Shelving location Date acquired Full call number Accession Number Price effective from Koha item type
        Anna Centenary Library Anna Centenary Library 7TH FLOOR, B WING 27.06.2025 910.72 GOM 129464 27.06.2025 English Books

Find us on the map